|
|
|
|
| LEADER |
00000cam a2200000 a 4500 |
| 001 |
vtls010581509 |
| 003 |
SK-MaSNL |
| 005 |
20260301174753.0 |
| 008 |
240313s2013 xo a e n 000 0 slo |
| 015 |
|
|
|a SBA2014/06
|
| 020 |
|
|
|a 9788055211046
|q (brož.)
|
| 035 |
|
|
|a 823319A4-D518-423E-9E23-013B629FD928
|
| 035 |
|
|
|a urn:nbn:sk:snk-amkc3s
|
| 035 |
|
|
|a urn:nbn:sk:snk-am003x8a
|
| 040 |
|
|
|a SNK
|b slo
|c SNK
|e AACR2
|
| 041 |
0 |
|
|a slo
|
| 044 |
|
|
|a xo
|c SK
|
| 072 |
|
7 |
|a 62
|x Technika všeobecne
|2 konspekt
|
| 080 |
|
|
|a 62-1/-9
|2 2001
|
| 080 |
|
|
|a (075.8)
|2 2001
|
| 080 |
|
|
|a 338.45
|2 2001
|
| 100 |
1 |
|
|a Opáth, Rudolf,
|d 1952-2018
|4 aut
|9 102504
|
| 245 |
1 |
0 |
|a Procesná technika
|c Rudolf Opáth, Viera Kažimírová
|
| 250 |
|
|
|a 1. vyd.
|
| 260 |
|
|
|a Nitra
|b Slovenská poľnohospodárska univerzita, Technická fakulta
|c 2013
|
| 300 |
|
|
|a 151 s.
|b sch., tab.
|c 29 cm
|
| 366 |
|
|
|e 160 výt.
|
| 504 |
|
|
|a Bibliogr.: s. 151
|
| 650 |
0 |
7 |
|a výrobné stroje a zariadenia
|2 SNKPH
|9 65983
|
| 650 |
0 |
7 |
|a Manufacturing machines
|2 SNKPHeng
|9 321354
|
| 650 |
0 |
7 |
|a priemyselná výroba
|2 SNKPH
|9 72943
|
| 650 |
0 |
7 |
|a Industrial production
|2 SNKPHeng
|9 361865
|
| 655 |
|
7 |
|a učebnice vysokých škôl
|2 SNKPH
|9 70191
|
| 655 |
|
7 |
|a Textbooks (higher)
|2 SNKPHeng
|9 276436
|
| 700 |
1 |
|
|a Kažimírová, Viera
|4 aut
|9 486491
|
| 852 |
|
|
|a Štátna vedecká knižnica v Banskej Bystrici
|
| 919 |
|
|
|a 978-80-552-1104-6
|
| 958 |
|
|
|a NB
|
| 999 |
|
|
|c 840607
|d 842537
|
| 952 |
|
|
|a SNK
|b SNK
|y PREZ
|7 0
|p 17A1082342
|o snkSB 86330
|i snk2014/6283
|8 0
|0 0
|1 0
|4 0
|d 2014-03-10
|f 1
|l 0
|r 2025-05-07 00:00:00
|w 2026-02-24
|
| 952 |
|
|
|a SNK
|b SNK
|y VYP
|7 0
|p 17A1082341
|o snkSB 86330 D1
|i snk2014/6284
|8 0
|0 0
|1 0
|4 0
|d 2014-03-10
|l 0
|r 2016-06-30 00:00:00
|w 2026-02-24
|